01104nam a2200253 a 4500003000400000005001700004008004100021017004500062020002500107020002500132020002500157040001400182100003500196245020800231260008400439300005000523504003600573650003700609650004400646650004300690650003600733700003500769710004600804OSt20140714165830.0140708s2013 sp ao 001 0dspa d aDL V. 2015-2013bBiblioteca de Catalunya a9788477956730 (o.c.) a9788477956747 (v. 1) a9788477956754 (v. 2) bcatcCDMR1 aRodríguez Molina, Ma. José10aDirectorio de fotógrafos en España (1851-1936) b: (elaborado con la información que proporcionan los anuarios y guías comerciales) cMa. José Rodríguez Molina, José Ramón Sanchis Alfonso aValencia bArchivo General y Fotográfico de la Diputación de Valenciac2013 a2 vol. (1021 p.) bil. (algunes col.) c30 cm aBibliografia p. 29-44. Índexs 4aFotògrafszEspanyaxDirectoris 4aFotografiazEspanyaxHistòriayS. XIX 4aFotografiazEspanyaxHistòriayS. XX 4aFotografiazEspanyaxDirectoris1 aSanchis Alfonso, Josep Ramón1 aArxiu General i Fotogràfic (València)